<?xml version='1.0' encoding='UTF-8'?>
  <record xmlns="http://www.loc.gov/MARC21/slim">
    <leader>00000cam a2200000 i 4500</leader>
    <controlfield tag="001">ocm71447550</controlfield>
    <controlfield tag="003">OCoLC</controlfield>
    <controlfield tag="005">20231213210205.5</controlfield>
    <controlfield tag="008">881108s1670    ne abf        001 0 dut d</controlfield>
    <datafield tag="040" ind1=" " ind2=" ">
      <subfield code="a">NLGGC</subfield>
      <subfield code="b">dut</subfield>
      <subfield code="e">rda</subfield>
      <subfield code="e">dcrmb</subfield>
      <subfield code="e">fobidrtb</subfield>
      <subfield code="c">NLGGC</subfield>
      <subfield code="d">L2U</subfield>
      <subfield code="d">OCLCQ</subfield>
      <subfield code="d">QGE</subfield>
      <subfield code="d">OCLCQ</subfield>
      <subfield code="d">OCLCO</subfield>
      <subfield code="d">OCLCL</subfield>
    </datafield>
    <datafield tag="026" ind1=" " ind2=" ">
      <subfield code="e">167002 - a1=a2 *3 n$ - 1b1 A k$: 1b2 3S3 n$Fi - 2b1 A t : 2b2 2K3 eeltij</subfield>
      <subfield code="2">stcnf</subfield>
    </datafield>
    <datafield tag="026" ind1=" " ind2=" ">
      <subfield code="e">167002 - a1=a2 *3 n$ - 1b1 A k$: 1b2 3S3 n$Fig - 2b1 A t : 2b2 2K3 eeltij</subfield>
      <subfield code="2">stcnf</subfield>
    </datafield>
    <datafield tag="029" ind1="0" ind2=" ">
      <subfield code="a">NLGGC</subfield>
      <subfield code="b">049668447</subfield>
    </datafield>
    <datafield tag="035" ind1=" " ind2=" ">
      <subfield code="a">(OCoLC)71447550</subfield>
    </datafield>
    <datafield tag="084" ind1=" " ind2=" ">
      <subfield code="a">15.00</subfield>
      <subfield code="2">bcl</subfield>
    </datafield>
    <datafield tag="084" ind1=" " ind2=" ">
      <subfield code="a">74.00</subfield>
      <subfield code="2">bcl</subfield>
    </datafield>
    <datafield tag="084" ind1=" " ind2=" ">
      <subfield code="a">74.21</subfield>
      <subfield code="2">bcl</subfield>
    </datafield>
    <datafield tag="084" ind1=" " ind2=" ">
      <subfield code="a">89.70</subfield>
      <subfield code="2">bcl</subfield>
    </datafield>
    <datafield tag="100" ind1="1" ind2=" ">
      <subfield code="a">Dapper, O.</subfield>
      <subfield code="q">(Olfert),</subfield>
      <subfield code="d">1636-1689.</subfield>
      <subfield code="1">https://id.oclc.org/worldcat/entity/E39PBJyRtgrkkrjX4WK6GKVcT3</subfield>
    </datafield>
    <datafield tag="245" ind1="1" ind2="0">
      <subfield code="a">Gedenkwaerdig bedryf der Nederlandsche Oost-Indische Maetschappye op de kuste en in het keizerrijk van Taising of Sina: behelzende het Tweede gezandschap aen den onder-koning Singlamong en veldheer Taising Lipoui, door Jan van Kampen en Konstantyn Nobel. Vervolgt met een verhael van het voorgevallen des jaers zestien hondert drie en vierenzestig, op de kuste van Sina, en ontrent d'eilanden Tayowan, Formosa, Ay en Quemuy, onder 't gezag van Balthasar Bort: en het Derde gezandschap aen Konchy, Tartarsche Keizer van Sina en Oost-Tartarye: onder beleit van zijne Ed. Pieter van Hoorn. Beneffens een beschryving van geheel Sina. Veṙiert doorgaens met verscheide kopere platen. /</subfield>
      <subfield code="c">Beschreven door dr. O. Dapper.</subfield>
    </datafield>
    <datafield tag="246" ind1="3" ind2=" ">
      <subfield code="a">Beschryving des Keizerryks van Taising of Sina</subfield>
    </datafield>
    <datafield tag="246" ind1="3" ind2=" ">
      <subfield code="a">Tweede en derde gesandschap na het keyserryck van Taysing of China</subfield>
    </datafield>
    <datafield tag="260" ind1=" " ind2=" ">
      <subfield code="a">T'Amsterdam, :</subfield>
      <subfield code="b">by Jacob van Meurs ...,</subfield>
      <subfield code="c">1670.</subfield>
    </datafield>
    <datafield tag="300" ind1=" " ind2=" ">
      <subfield code="a">[8], 504, [8], 163 [=263], [1] pagina's :</subfield>
      <subfield code="b">gegraveerd titelblad, illustraties, kaart ;</subfield>
      <subfield code="c">in-2</subfield>
    </datafield>
    <datafield tag="336" ind1=" " ind2=" ">
      <subfield code="a">tekst</subfield>
      <subfield code="b">txt</subfield>
      <subfield code="2">rdacontent/dut</subfield>
    </datafield>
    <datafield tag="337" ind1=" " ind2=" ">
      <subfield code="a">zonder medium</subfield>
      <subfield code="b">n</subfield>
      <subfield code="2">rdamedia/dut</subfield>
    </datafield>
    <datafield tag="338" ind1=" " ind2=" ">
      <subfield code="a">band</subfield>
      <subfield code="b">nc</subfield>
      <subfield code="2">rdacarrier/dut</subfield>
    </datafield>
    <datafield tag="340" ind1=" " ind2=" ">
      <subfield code="a">papier</subfield>
      <subfield code="m">in-2</subfield>
    </datafield>
    <datafield tag="500" ind1=" " ind2=" ">
      <subfield code="a">* 4 A-2Z 4 3a-3c 4 2A-3S 4 A-2K 4.</subfield>
    </datafield>
    <datafield tag="500" ind1=" " ind2=" ">
      <subfield code="a">Gegraveerd titelblad: Tweede en derde gesandschap na het keyserryck van Taysing of China. 1671.</subfield>
    </datafield>
    <datafield tag="501" ind1=" " ind2=" ">
      <subfield code="a">Met afzonderlijk titelblad: Beschryving des keizerryks van Taising of Sina ...</subfield>
    </datafield>
    <datafield tag="510" ind1="4" ind2=" ">
      <subfield code="a">STCN PPN</subfield>
      <subfield code="c">843093781</subfield>
    </datafield>
    <datafield tag="510" ind1="0" ind2=" ">
      <subfield code="a">P.A. Tiele: Ned. bibliogr. van land- en volkenkunde 304</subfield>
    </datafield>
    <datafield tag="530" ind1=" " ind2=" ">
      <subfield code="a">Titel is geselecteerd voor digitalisering voor de Universiteit van Amsterdam in het kader van het Google Books-project.</subfield>
    </datafield>
    <datafield tag="538" ind1=" " ind2=" ">
      <subfield code="a">Gegraveerde titelpagina.</subfield>
    </datafield>
    <datafield tag="650" ind1=" " ind2="4">
      <subfield code="a">74.21 geography of Asia.</subfield>
    </datafield>
    <datafield tag="650" ind1=" " ind2="4">
      <subfield code="a">89.70 1008.</subfield>
    </datafield>
    <datafield tag="650" ind1=" " ind2="4">
      <subfield code="a">74.00 1008.</subfield>
    </datafield>
    <datafield tag="650" ind1=" " ind2="4">
      <subfield code="a">15.00 1008.</subfield>
    </datafield>
    <datafield tag="650" ind1=" " ind2="7">
      <subfield code="a">74.21 geography of Asia.</subfield>
      <subfield code="0">(NL-LeOCL)077610989</subfield>
      <subfield code="2">bcl</subfield>
    </datafield>
    <datafield tag="650" ind1="1" ind2="7">
      <subfield code="a">Geografie.</subfield>
      <subfield code="2">gtt</subfield>
      <subfield code="0">(NL-LeOCL)078517397</subfield>
    </datafield>
    <datafield tag="650" ind1="1" ind2="7">
      <subfield code="a">Cultuur.</subfield>
      <subfield code="2">gtt</subfield>
      <subfield code="0">(NL-LeOCL)078478138</subfield>
    </datafield>
    <datafield tag="650" ind1="1" ind2="7">
      <subfield code="a">Producten.</subfield>
      <subfield code="2">gtt</subfield>
      <subfield code="0">(NL-LeOCL)078636450</subfield>
    </datafield>
    <datafield tag="651" ind1=" " ind2="7">
      <subfield code="a">China.</subfield>
      <subfield code="2">gtt</subfield>
      <subfield code="0">(NL-LeOCL)078467772</subfield>
    </datafield>
    <datafield tag="710" ind1="1" ind2=" ">
      <subfield code="a">Meurs, Jacob van (Amsterdam)</subfield>
      <subfield code="4">prt</subfield>
      <subfield code="0">(NL-LeOCL)077133269</subfield>
    </datafield>
    <datafield tag="752" ind1=" " ind2=" ">
      <subfield code="a">Nederland</subfield>
      <subfield code="d">Amsterdam</subfield>
      <subfield code="e">plaats van uitgave</subfield>
      <subfield code="f">op de Keisers-gracht</subfield>
      <subfield code="g">in de Stadt Meurs</subfield>
      <subfield code="4">pup</subfield>
    </datafield>
    <datafield tag="776" ind1="0" ind2=" ">
      <subfield code="t">Gedenkwaerdig bedryf der Nederlandsche Oost-Indische Maetschappye op de kuste en in het Keizerrijk van Taising of Sina: behelzende het Tweede gezandschap aen den onder-koning Singlamong en veldheer Taising Lipoui, door Jan van Kampen en Konstantyn Nobel. Vervolgt met een verhael van het voorgevallen des jaers zestien hondert drie en vierenzestig, op de kuste van Sina, en ontrent d'eilanden Tayowan, Formosa, Ay en Quemuy, onder 't gezag van Balthasar Bort; en het Derde gezandschap aen Konchy, Tartarsche Keizer van Sina en Oost-Tartarye: onder beleit van zijne Ed. Pieter van Hoorn: beneffens een beschryving van geheel Sina</subfield>
      <subfield code="w">(NL-LeOCL)396165222</subfield>
    </datafield>
    <datafield tag="776" ind1="0" ind2=" ">
      <subfield code="t">Gedenkwaerdig bedryf der Nederlandsche Oost-Indische Maetschappye op de kuste en in het Keizerrijk van Taising of Sina: behelzende het Tweede gezandschap aen den onder-koning Singlamong en veldheer Taising Lipoui, door Jan van Kampen en Konstantyn Nobel. Vervolgt met een verhael van het voorgevallen des jaers zestien hondert drie en vierenzestig, op de kuste van Sina, en ontrent d'eilanden Tayowan, Formosa, Ay en Quemuy, onder 't gezag van Balthasar Bort; en het Derde gezandschap aen Konchy, Tartarsche Keizer van Sina en Oost-Tartarye: onder beleit van zijne Ed. Pieter van Hoorn: beneffens een beschryving van geheel Sina</subfield>
      <subfield code="w">(NL-LeOCL)39668131X</subfield>
    </datafield>
  </record>